<?xml version="1.0" encoding="UTF-8"?><?xml-stylesheet type="text/xsl" href="static/style.xsl"?><OAI-PMH xmlns="http://www.openarchives.org/OAI/2.0/" xmlns:xsi="http://www.w3.org/2001/XMLSchema-instance" xsi:schemaLocation="http://www.openarchives.org/OAI/2.0/ http://www.openarchives.org/OAI/2.0/OAI-PMH.xsd"><responseDate>2026-04-30T05:10:38Z</responseDate><request verb="GetRecord" identifier="oai:uvadoc.uva.es:10324/80184" metadataPrefix="marc">https://uvadoc.uva.es/oai/request</request><GetRecord><record><header><identifier>oai:uvadoc.uva.es:10324/80184</identifier><datestamp>2025-12-01T20:08:54Z</datestamp><setSpec>com_10324_1191</setSpec><setSpec>com_10324_931</setSpec><setSpec>com_10324_894</setSpec><setSpec>col_10324_1379</setSpec></header><metadata><record xmlns="http://www.loc.gov/MARC21/slim" xmlns:doc="http://www.lyncode.com/xoai" xmlns:xsi="http://www.w3.org/2001/XMLSchema-instance" xmlns:dcterms="http://purl.org/dc/terms/" xsi:schemaLocation="http://www.loc.gov/MARC21/slim http://www.loc.gov/standards/marcxml/schema/MARC21slim.xsd">
<leader>00925njm 22002777a 4500</leader>
<datafield tag="042" ind1=" " ind2=" ">
<subfield code="a">dc</subfield>
</datafield>
<datafield tag="720" ind1=" " ind2=" ">
<subfield code="a">Molinari-Ulate, Mauricio</subfield>
<subfield code="e">author</subfield>
</datafield>
<datafield tag="720" ind1=" " ind2=" ">
<subfield code="a">Guirado-Sánchez, Yolanda</subfield>
<subfield code="e">author</subfield>
</datafield>
<datafield tag="720" ind1=" " ind2=" ">
<subfield code="a">Platón, Luis</subfield>
<subfield code="e">author</subfield>
</datafield>
<datafield tag="720" ind1=" " ind2=" ">
<subfield code="a">van der Roest, Henriëtte G</subfield>
<subfield code="e">author</subfield>
</datafield>
<datafield tag="720" ind1=" " ind2=" ">
<subfield code="a">Bahillo Martínez, Alfonso</subfield>
<subfield code="e">author</subfield>
</datafield>
<datafield tag="720" ind1=" " ind2=" ">
<subfield code="a">Franco-Martín, Manuel</subfield>
<subfield code="e">author</subfield>
</datafield>
<datafield tag="260" ind1=" " ind2=" ">
<subfield code="c">2023</subfield>
</datafield>
<datafield tag="520" ind1=" " ind2=" ">
<subfield code="a">Background: E-learning has shown to be an effective intervention in helping informal caregivers of&#xd;
people living with dementia. It has the potential to reach people living in remote areas, increasing&#xd;
service coverage. As a response to the demographic context in Spain associated with a higher&#xd;
percentage of ageing, depopulation, and the complexities of health service delivery in rural areas, this&#xd;
paper describes the cultural adaptation and co-design of the iSupport online training and support&#xd;
programme for Castilla y León, Spain, as a potential e-health intervention to mitigate these&#xd;
constraints.&#xd;
Methods: The translation and cultural adaptation were performed following the WHO guidelines,&#xd;
with some adaptation due to the cultural context of Spain. Three focus groups were conducted with&#xd;
informal caregivers, health professionals, and a group of experts on cognitive impairment and&#xd;
dementia. The co-design process was performed as a Patient and Public Involvement activity with&#xd;
three groups consisting of people living with dementia, informal caregivers, rural population and&#xd;
experts on technology and dementia.&#xd;
Results: A total of 435 suggestions were proposed for adaptation associated with erroneous&#xd;
terminology, rewording text/writing, grammatical or punctuation marks errors, and repeated information or need for additional content. Several recommendations were exposed during the codesign process: preference for interactive material such as videos or images, a forum to receive&#xd;
feedback from health care professionals and to leave satisfaction comments, availability in multiple&#xd;
platforms (e.g., tablet, laptop, mobile), slide format for information presentation, and availability to&#xd;
edit letter size and background colours.&#xd;
Conclusions: A culturally adapted version of the iSupport was developed for Castilla y León, Spain.&#xd;
The need for modification of words and expressions, information links to local resources websites,&#xd;
adjustments of characters’ names and caregivers’ scenarios, and additional content to some sections&#xd;
were recommended. Suggestions for the design should be taken into account for further adapted&#xd;
versions and platform developments.</subfield>
</datafield>
<datafield tag="024" ind2=" " ind1="8">
<subfield code="a">Dementia, 2023, Vol. 22(5), p. 1010–1026</subfield>
</datafield>
<datafield tag="024" ind2=" " ind1="8">
<subfield code="a">1471-3012</subfield>
</datafield>
<datafield tag="024" ind2=" " ind1="8">
<subfield code="a">https://uvadoc.uva.es/handle/10324/80184</subfield>
</datafield>
<datafield tag="024" ind2=" " ind1="8">
<subfield code="a">10.1177/14713012231165578</subfield>
</datafield>
<datafield tag="024" ind2=" " ind1="8">
<subfield code="a">1010</subfield>
</datafield>
<datafield tag="024" ind2=" " ind1="8">
<subfield code="a">5</subfield>
</datafield>
<datafield tag="024" ind2=" " ind1="8">
<subfield code="a">1026</subfield>
</datafield>
<datafield tag="024" ind2=" " ind1="8">
<subfield code="a">Dementia</subfield>
</datafield>
<datafield tag="024" ind2=" " ind1="8">
<subfield code="a">22</subfield>
</datafield>
<datafield tag="024" ind2=" " ind1="8">
<subfield code="a">1741-2684</subfield>
</datafield>
<datafield tag="245" ind1="0" ind2="0">
<subfield code="a">Cultural adaptation of the iSupport online training and support programme for caregivers of people with dementia in Castilla y León, Spain</subfield>
</datafield>
</record></metadata></record></GetRecord></OAI-PMH>